| 000 | 00829nam a22002297a 4500 | ||
|---|---|---|---|
| 999 |
_c5528 _d5528 |
||
| 003 | AR-CdUCM | ||
| 008 | 190312b ||||| |||| 00| 0 spa d | ||
| 040 |
_aMUNICIPALIDAD PROVINCIAL DEL CUSCO _cBIBLIOTECA MUNICIPAL DEL CUSCO |
||
| 082 |
_a869.63 / _bA68 |
||
| 245 |
_aContra viento y marea / _cGrupo Areíto |
||
| 260 |
_aLa Habana : _bCasa de las Américas, _c1978. |
||
| 300 |
_a268 páginas ; _bilustraciones, _c19 cm. |
||
| 500 | _aEl libro es de propiedad de Luis Nieto | ||
| 505 | _aContenido: La salida -- Prehistoria de la radicalización -- Historia de la radicalización -- La revolución -- El exilio... | ||
| 650 |
_aCuba _91821 |
||
| 650 |
_aHistoria _9246 |
||
| 650 |
_aRevolución _9679 |
||
| 650 |
_aRelatos personales _93361 |
||
| 710 |
_aGrupo Areito _916572 |
||
| 942 |
_2ddc _cLIBROS |
||
| 945 | _aJavier | ||